Eternal mother : (Record no. 516754)

000 -LEADER
fixed length control field 00330nam a22000977a 4500
082 ## - DEWEY DECIMAL CLASSIFICATION NUMBER
Classification number TNC A99\D496 M42
100 ## - MAIN ENTRY--PERSONAL NAME
Personal name Sri Sarada Math
9 (RLIN) 23334
245 ## - TITLE STATEMENT
Title Eternal mother :
Remainder of title 150th birth anniversary of Sri Sarada Devi and golden jubilee of Sri Sarada Math
Statement of responsibility, etc Sri Sarada Math
260 ## - PUBLICATION, DISTRIBUTION, ETC. (IMPRINT)
Place of publication, distribution, etc Kolkata
Name of publisher, distributor, etc Sri Sarada Math
Date of publication, distribution, etc 2004
300 ## - PHYSICAL DESCRIPTION
Extent 304p.
Holdings
Withdrawn status Lost status Source of classification or shelving scheme Damaged status Koha normalized classification for sorting Not for loan Permanent location Current location Date acquired Full call number Barcode Date last seen Price effective from Koha item type
        TNC_A99D496_M42   Indian Institute of Public Administration Indian Institute of Public Administration 2021-03-12 TNC A99\D496 M42 GR23368 2021-03-12 2021-03-12 GR

Powered by Koha